[Event "St Petersburg-ch U18"]
[Site "St Petersburg"]
[Date "2007.10.10"]
[Round "6"]
[White "Mukhlisov, Vladislav"]
[Black "Vorobiov, Dmitry"]
[Result "1/2-1/2"]
[WhiteElo "2126"]
[BlackElo "2116"]
[PlyCount "24"]
[EventDate "2007.10.05"]
[EventType "swiss"]
[EventRounds "9"]
[EventCountry "RUS"]
[SourceTitle "EXT 2009"]
[Source "ChessBase"]
[SourceDate "2008.11.26"]
[SourceVersion "1"]
[SourceVersionDate "2008.11.26"]
[SourceQuality "1"]

1. e4 d6 2. d4 Nf6 3. Nc3 c6 4. h3 b5 5. Bd3 g6 6. Nf3 Bg7 7. Bf4 Bb7 8. 0-0 Nbd7 9. e5 dxe5 10. dxe5 Nh5 11. Bh2 Bh6 12. Ne2 Ng7 1/2-1/2

[Event "St Petersburg-ch U18"]
[Site "St Petersburg"]
[Date "2007.10.05"]
[Round "1"]
[White "Abramichev, Artyom"]
[Black "Mukhlisov, Vladislav"]
[Result "0-1"]
[WhiteElo "2014"]
[BlackElo "2126"]
[PlyCount "28"]
[EventDate "2007.10.05"]
[EventType "swiss"]
[EventRounds "9"]
[EventCountry "RUS"]
[SourceTitle "EXT 2009"]
[Source "ChessBase"]
[SourceDate "2008.11.26"]
[SourceVersion "1"]
[SourceVersionDate "2008.11.26"]
[SourceQuality "1"]

1. e4 c5 2. Nf3 e6 3. d4 cxd4 4. Nxd4 Nf6 5. Nc3 Nc6 6. Be3 Bb4 7. f3 d5 8. Nxc6 bxc6 9. e5 Nd7 10. f4 0-0 11. Be2 Bb7 12. 0-0 a6 13. Bf3 c5 14. Ne2 Qc7 0-1

[Event "St Petersburg White Nights CYSS op"]
[Site "St Petersburg"]
[Date "2007.06.06"]
[Round "5"]
[White "Mukhlisov, Vladislav"]
[Black "Shushpanov, Vladimir Fedorovich"]
[Result "0-1"]
[WhiteElo "2115"]
[BlackElo "2365"]
[PlyCount "40"]
[EventDate "2007.06.02"]
[EventType "swiss"]
[EventRounds "9"]
[EventCountry "RUS"]
[SourceTitle "EXT 2022"]
[Source "ChessBase"]
[SourceDate "2021.10.06"]
[SourceVersion "1"]
[SourceVersionDate "2021.10.06"]
[SourceQuality "1"]

1. d4 d5 2. c4 dxc4 3. Nf3 a6 4. a4 Nc6 5. e3 Bg4 6. Bxc4 e6 7. 0-0 Nf6 8. Qe2 Bd6 9. Rd1 0-0 10. h3 Bh5 11. Nc3 Qe7 12. g4 Bg6 13. e4 e5 14. Nd5 Nxd5 15. exd5 Nxd4 16. Nxd4 exd4 17. Qxe7 Bxe7 18. Bf4 Rfe8 19. Rxd4 Bf6 20. Rd2 Re4 0-1

[Event "St Petersburg White Nights CYSS op"]
[Site "St Petersburg"]
[Date "2007.06.04"]
[Round "3"]
[White "Mukhlisov, Vladislav"]
[Black "Vunder, Andrei"]
[Result "1/2-1/2"]
[WhiteElo "2115"]
[BlackElo "2259"]
[PlyCount "60"]
[EventDate "2007.06.02"]
[EventType "swiss"]
[EventRounds "9"]
[EventCountry "RUS"]
[SourceTitle "EXT 2022"]
[Source "ChessBase"]
[SourceDate "2021.10.06"]
[SourceVersion "1"]
[SourceVersionDate "2021.10.06"]
[SourceQuality "1"]

1. d4 e6 2. c4 d5 3. Nc3 Be7 4. Nf3 Nf6 5. Bg5 h6 6. Bxf6 Bxf6 7. e3 0-0 8. Rc1 c6 9. Bd3 Nd7 10. 0-0 dxc4 11. Bxc4 e5 12. Ne4 exd4 13. Nxf6+ Nxf6 14. Nxd4 Qe7 15. Re1 Rd8 16. Qc2 Ng4 17. Bf1 Be6 18. Nxe6 Qxe6 19. Qc4 Rd2 20. Qxe6 fxe6 21. Rc4 Nf6 22. Re2 Rad8 23. Rc2 Rd1 24. f3 Kf7 25. a3 Ke7 26. Kf2 Ng4+ 27. fxg4 Rf8+ 28. Kg3 Rfxf1 29. Rc4 Rd3 30. Rf4 Rxf4 1/2-1/2

[Event "St Petersburg-ch U18"]
[Site "St Petersburg"]
[Date "2006.12.17"]
[Round "6"]
[White "Mukhlisov, Vladislav"]
[Black "Asaturian, Stepan"]
[Result "1-0"]
[WhiteElo "2130"]
[BlackElo "2053"]
[PlyCount "71"]
[EventDate "2006.11.12"]
[EventType "swiss"]
[EventRounds "7"]
[EventCountry "RUS"]
[SourceTitle "EXT 2019"]
[Source "ChessBase"]
[SourceDate "2018.10.10"]
[SourceVersion "1"]
[SourceVersionDate "2018.10.10"]
[SourceQuality "1"]

1. d4 Nf6 2. c4 g6 3. Nc3 Bg7 4. e4 d6 5. Nf3 0-0 6. Be2 e5 7. Be3 Nc6 8. d5 Ne7 9. Nd2 Ne8 10. b4 f5 11. f3 f4 12. Bf2 Rf7 13. c5 g5 14. Nc4 Bf8 15. Qb3 h5 16. cxd6 cxd6 17. Kd2 Ng6 18. Rhc1 Rg7 19. Nb5 b6 20. h3 g4 21. hxg4 hxg4 22. a4 Bd7 23. Nba3 Nh4 24. Bf1 gxf3 25. gxf3 Bxa4 26. Qxa4 Nxf3+ 27. Ke2 Nf6 28. Kxf3 Nxe4 29. Kxe4 Qf6 30. Kd3 Qf5+ 31. Kc3 e4 32. Nc2 Qxd5 33. Rd1 Qh5 34. Qc6 Qf3+ 35. Bd3 Qxf2 36. Qxe4 1-0

[Event "St Petersburg-ch U18"]
[Site "St Petersburg"]
[Date "2006.12.03"]
[Round "4"]
[White "Mukhlisov, Vladislav"]
[Black "Airumian, Sergei"]
[Result "1/2-1/2"]
[WhiteElo "2130"]
[BlackElo "2100"]
[PlyCount "123"]
[EventDate "2006.11.12"]
[EventType "swiss"]
[EventRounds "7"]
[EventCountry "RUS"]
[SourceTitle "EXT 2019"]
[Source "ChessBase"]
[SourceDate "2018.10.10"]
[SourceVersion "1"]
[SourceVersionDate "2018.10.10"]
[SourceQuality "1"]

1. d4 Nf6 2. c4 e6 3. Nc3 Bb4 4. Qc2 d5 5. cxd5 Qxd5 6. Nf3 c5 7. dxc5 Qxc5 8. Bd2 Nc6 9. a3 Bxc3 10. Qxc3 Qxc3 11. Bxc3 0-0 12. b4 Ne4 13. Bb2 Rd8 14. e3 a6 15. Rc1 Ne7 16. h4 b5 17. h5 h6 18. Rh4 f5 19. Bd4 Bd7 20. Ne5 Be8 21. Nd3 Rac8 22. Rxc8 Rxc8 23. Nc5 Nxc5 24. Bxc5 Nd5 25. Be2 Nc3 26. Bd3 Rd8 27. Rd4 Rxd4 28. Bxd4 Nd5 29. Be2 Kf7 30. Kd2 Nf6 31. Bxf6 Kxf6 32. Bf3 e5 33. Bb7 Bxh5 34. Bxa6 Be8 35. a4 bxa4 36. b5 Ke6 37. Kc3 a3 38. Kb3 Kd5 39. Kxa3 Kc5 40. Ka4 Kb6 41. Kb4 g5 42. Kc4 Bf7+ 43. Kd3 Be6 44. f4 gxf4 45. exf4 e4+ 46. Kd4 h5 47. g3 Bd7 48. Ke3 Kc5 49. b6 Kxb6 50. Bc4 Be8 51. Be6 Bg6 52. Bc4 Kc5 53. Bf1 Bf7 54. Bh3 Be6 55. Bg2 Kd5 56. Bf1 Kc5 57. Bg2 Kd6 58. Bf1 Bf7 59. Bh3 Be6 60. Bf1 Bb3 61. Be2 Bf7 62. Bf1 1/2-1/2

[Event "St Petersburg White Nights op"]
[Site "St Petersburg"]
[Date "2006.06.30"]
[Round "8"]
[White "Mukhlisov, Vladislav"]
[Black "Maznov, Sergey"]
[Result "1-0"]
[WhiteElo "2140"]
[BlackElo "2064"]
[PlyCount "67"]
[EventDate "2006.06.23"]
[EventType "swiss"]
[EventRounds "9"]
[EventCountry "RUS"]
[SourceTitle "CBM 112 Extra"]
[Source "ChessBase"]
[SourceDate "2006.07.14"]
[SourceVersion "1"]
[SourceVersionDate "2006.07.14"]
[SourceQuality "1"]

1. d4 e6 2. c4 d5 3. Nc3 f5 4. g3 Nf6 5. Bg2 c6 6. Nh3 Be7 7. b3 0-0 8. 0-0 Ne4 9. Bb2 Nd7 10. f3 Nxc3 11. Bxc3 Nf6 12. Nf2 b5 13. e4 bxc4 14. Re1 Ba6 15. Bf1 Qb6 16. exf5 Rae8 17. fxe6 c5 18. bxc4 dxc4 19. d5 Rd8 20. Bxf6 gxf6 21. Ne4 f5 22. Nc3 Qa5 23. Rc1 Rfe8 24. f4 Bf6 25. Qf3 Qb4 26. Re5 Qb2 27. Rce1 Qc2 28. Qe3 Qb2 29. Bh3 Qc2 30. Bxf5 Bxe5 31. Qxe5 Qd2 32. Rd1 Qb2 33. e7 Rb8 34. Be6# 1-0

[Event "St Petersburg White Nights op"]
[Site "St Petersburg"]
[Date "2006.06.25"]
[Round "3"]
[White "Nikologorskiy, Konstantin"]
[Black "Mukhlisov, Vladislav"]
[Result "1/2-1/2"]
[WhiteElo "1946"]
[BlackElo "2140"]
[PlyCount "64"]
[EventDate "2006.06.23"]
[EventType "swiss"]
[EventRounds "9"]
[EventCountry "RUS"]
[SourceTitle "CBM 112 Extra"]
[Source "ChessBase"]
[SourceDate "2006.07.14"]
[SourceVersion "1"]
[SourceVersionDate "2006.07.14"]
[SourceQuality "1"]

1. c4 e5 2. Nc3 Nf6 3. g3 c6 4. Nf3 e4 5. Nd4 d5 6. cxd5 Qb6 7. e3 cxd5 8. d3 exd3 9. Qxd3 Nc6 10. Bg2 Nxd4 11. exd4 Be6 12. 0-0 Be7 13. f4 g6 14. h3 h5 15. Be3 0-0 16. Rf2 Bf5 17. Qe2 Qe6 18. Kh2 Rfe8 19. Re1 Bf8 20. Qb5 Qc6 21. Qb3 Rad8 22. Bd2 Rxe1 23. Bxe1 Bg7 24. Re2 Ne4 25. Nxd5 Rxd5 26. Rxe4 Rb5 27. Re2 Rxb3 28. Bxc6 Rb6 29. Bd5 Bxd4 30. b3 Be6 31. Bxe6 Rxe6 32. Rxe6 fxe6 1/2-1/2

[Event "Chigorin Memorial 13th"]
[Site "St Petersburg"]
[Date "2005.10.23"]
[Round "9"]
[White "Mukhlisov, Vladislav"]
[Black "Poleshchuk, Alexey"]
[Result "1/2-1/2"]
[WhiteElo "2119"]
[BlackElo "2050"]
[PlyCount "55"]
[EventDate "2005.10.15"]
[EventType "swiss"]
[EventRounds "9"]
[EventCountry "RUS"]
[SourceTitle "CBM 108 Extra"]
[Source "ChessBase"]
[SourceDate "2005.11.04"]
[SourceVersion "1"]
[SourceVersionDate "2005.11.04"]
[SourceQuality "1"]

1. e4 e5 2. Nf3 Nc6 3. Bc4 Bc5 4. c3 Nf6 5. d3 a5 6. 0-0 0-0 7. d4 Be7 8. Re1 exd4 9. e5 Ne8 10. Nxd4 d5 11. Bd3 Nxd4 12. cxd4 f5 13. b3 g6 14. Ba3 Ng7 15. Bxe7 Qxe7 16. Nc3 c6 17. Na4 Ne6 18. Bf1 Qb4 19. Qd3 Qxd4 20. Qxd4 Nxd4 21. Rad1 Ne6 22. Rc1 Bd7 23. Rc3 Be8 24. a3 b5 25. Nc5 Nxc5 26. Rxc5 a4 27. b4 Kf7 28. f4 1/2-1/2

[Event "Chigorin Memorial 13th"]
[Site "St Petersburg"]
[Date "2005.10.16"]
[Round "2"]
[White "Drugov, Pavel"]
[Black "Mukhlisov, Vladislav"]
[Result "1-0"]
[WhiteElo "2277"]
[BlackElo "2119"]
[PlyCount "73"]
[EventDate "2005.10.15"]
[EventType "swiss"]
[EventRounds "9"]
[EventCountry "RUS"]
[SourceTitle "CBM 108 Extra"]
[Source "ChessBase"]
[SourceDate "2005.11.04"]
[SourceVersion "1"]
[SourceVersionDate "2005.11.04"]
[SourceQuality "1"]

1. d4 Nf6 2. c4 e6 3. Nf3 d5 4. Nc3 c6 5. cxd5 exd5 6. Bg5 h6 7. Bh4 Bf5 8. Qb3 b6 9. e4 dxe4 10. Ne5 Be6 11. Bc4 Qc8 12. d5 cxd5 13. Nxd5 Nxd5 14. Bxd5 Bd6 15. Qa4+ Kf8 16. Bxa8 Bxe5 17. 0-0 f5 18. Bg3 Nd7 19. Bxe5 Nxe5 20. Qxa7 Kg8 21. Rac1 Qd8 22. Qc7 Qf6 23. Qd6 Nc4 24. Qb4 Kh7 25. Bc6 Nxb2 26. Rc2 Nd3 27. Qxb6 Qe5 28. a4 Rb8 29. Qe3 Rb3 30. Bb5 f4 31. Qd2 Nxf2 32. Qxf2 f3 33. Bc6 Bg4 34. Rc5 Qe7 35. Re1 e3 36. Qc2+ Kh8 37. Bxf3 1-0

[Event "Pardubice op-B"]
[Site "Pardubice"]
[Date "2005.07.??"]
[Round "4"]
[White "Limontas, Martynas"]
[Black "Mukhlisov, Vladislav"]
[Result "1-0"]
[WhiteElo "2206"]
[BlackElo "2024"]
[PlyCount "159"]
[EventDate "2005.07.22"]
[EventType "swiss"]
[EventRounds "9"]
[EventCountry "CZE"]
[SourceTitle "CBM 107 Extra"]
[Source "ChessBase"]
[SourceDate "2005.09.01"]
[SourceVersion "1"]
[SourceVersionDate "2005.09.01"]
[SourceQuality "1"]

1. d4 d5 2. c4 c6 3. Nf3 Nf6 4. Nc3 dxc4 5. a4 Bf5 6. e3 e6 7. Bxc4 Bb4 8. 0-0 Nbd7 9. Qe2 0-0 10. e4 Bg4 11. Rd1 Qb6 12. Bf4 Rfe8 13. h3 Bxf3 14. Qxf3 e5 15. Be3 exd4 16. Bxd4 Qc7 17. Ba2 Bc5 18. Rac1 Bxd4 19. Rxd4 Nc5 20. Rcd1 Qe5 21. Qe3 Ne6 22. Rd6 Nf4 23. R6d2 Qg5 24. Qf3 Qe5 25. Kh1 h6 26. g3 Nxh3 27. Qe2 Nxe4 28. Nxe4 Qxe4+ 29. Qxe4 Rxe4 30. Bb1 Ree8 31. f4 g5 32. Bf5 gxf4 33. Bxh3 Re3 34. Rg1 fxg3 35. Rdg2 Rd8 36. Rxg3+ Rxg3 37. Rxg3+ Kf8 38. Bg2 Rd1+ 39. Kh2 Rd2 40. b3 Rd4 41. Bf1 Rf4 42. Bg2 a5 43. Re3 f5 44. Bf3 Kg7 45. Bd1 Rd4 46. Be2 Rb4 47. Rc3 b5 48. Bd1 bxa4 49. bxa4 Rd4 50. Bc2 Kf6 51. Rxc6+ Kg5 52. Rc3 h5 53. Kg2 h4 54. Kh3 Rd2 55. Bd3 Ra2 56. Bc2 Ra1 57. Rf3 f4 58. Rc3 Rh1+ 59. Kg2 Re1 60. Rc5+ Kf6 61. Kf3 Rf1+ 62. Kg4 Rf2 63. Kxh4 Ke7 64. Be4 Re2 65. Bf3 Ra2 66. Rc4 Kd6 67. Rxf4 Kc7 68. Rc4+ Kb6 69. Bc6 Rb2 70. Be8 Rg2 71. Bb5 Rg6 72. Kh5 Rd6 73. Kg4 Rf6 74. Kg5 Rd6 75. Kf4 Rh6 76. Rc8 Kb7 77. Re8 Rg6 78. Kf5 Rh6 79. Re6 Rh5+ 80. Kg4 1-0

[Event "St Petersburg White Nights op"]
[Site "St Petersburg"]
[Date "2005.06.19"]
[Round "2"]
[White "Kostin, Sergei Anatolievich"]
[Black "Mukhlisov, Vladislav"]
[Result "1-0"]
[WhiteElo "2275"]
[BlackElo "2015"]
[PlyCount "69"]
[EventDate "2005.06.18"]
[EventType "swiss"]
[EventRounds "9"]
[EventCountry "RUS"]
[SourceTitle "CBM 106 Extra"]
[Source "ChessBase"]
[SourceDate "2005.07.01"]
[SourceVersion "1"]
[SourceVersionDate "2005.07.01"]
[SourceQuality "1"]

1. d4 d5 2. c4 c6 3. Nf3 Nf6 4. e3 a6 5. Bd3 b5 6. b3 Bg4 7. Nbd2 Nbd7 8. Bb2 e6 9. 0-0 Bd6 10. Qc2 Bxf3 11. Nxf3 0-0 12. Ne5 Rc8 13. c5 Be7 14. f4 h6 15. h3 Nxe5 16. fxe5 Nd7 17. a4 f5 18. axb5 axb5 19. Ra6 Nb8 20. Ra7 Bg5 21. Qe2 Rc7 22. Ra8 Qe7 23. g3 Qf7 24. h4 Be7 25. h5 g6 26. g4 Bg5 27. Kh1 Qg7 28. hxg6 Qxg6 29. gxf5 exf5 30. Bc1 Rcf7 31. Qh2 Qe6 32. Qh3 Kg7 33. Ra2 Nd7 34. Raf2 Kg6 35. Be2 1-0

[Event "St Petersburg White Nights op"]
[Site "St Petersburg"]
[Date "2005.06.18"]
[Round "1"]
[White "Domnin, Vladimir"]
[Black "Mukhlisov, Vladislav"]
[Result "0-1"]
[WhiteElo "2252"]
[BlackElo "2015"]
[PlyCount "130"]
[EventDate "2005.06.18"]
[EventType "swiss"]
[EventRounds "9"]
[EventCountry "RUS"]
[SourceTitle "CBM 106 Extra"]
[Source "ChessBase"]
[SourceDate "2005.07.01"]
[SourceVersion "1"]
[SourceVersionDate "2005.07.01"]
[SourceQuality "1"]

1. d4 d5 2. c4 e6 3. Nc3 c6 4. cxd5 exd5 5. Nf3 Bd6 6. g3 Ne7 7. Bg2 0-0 8. 0-0 Bf5 9. a3 Nd7 10. Nh4 Be6 11. f4 Nf5 12. Nf3 f6 13. Qd3 Bc7 14. g4 Nd6 15. f5 Bf7 16. Bf4 Nc4 17. Bxc7 Qxc7 18. b3 Nd6 19. Rae1 Rad8 20. Nh4 Qb6 21. b4 Ne5 22. Qd2 Ndc4 23. Qc1 Qxd4+ 24. e3 Qxg4 25. Rf4 Qg5 26. Nf3 Nxf3+ 27. Rxf3 Bh5 28. Rf4 Ne5 29. h4 Qh6 30. Qc2 Bg4 31. Ref1 Qxh4 32. b5 Qg3 33. Qf2 Qxf2+ 34. R1xf2 Bh5 35. Rh4 Bf7 36. Bf1 c5 37. Ra4 Ra8 38. Bg2 Rfd8 39. Ne2 Nc4 40. e4 d4 41. Bf1 Nb2 42. Ra5 b6 43. Ra6 d3 44. Nc3 d2 45. a4 d1Q 46. Nxd1 Nxd1 47. Rf3 Nb2 48. a5 Nc4 49. axb6 axb6 50. Bxc4 Bxc4 51. Rxb6 Rab8 52. Rxb8 Rxb8 53. Rc3 Bxb5 54. Rxc5 Bd3 55. e5 fxe5 56. Rxe5 Rf8 57. Kg2 Bxf5 58. Kg3 g5 59. Ra5 Kg7 60. Ra6 h5 61. Ra7+ Rf7 62. Ra6 h4+ 63. Kh2 g4 64. Rb6 g3+ 65. Kg1 h3 0-1